| 000 | 00599nam a2200193Ia 4500 | ||
|---|---|---|---|
| 005 | 20250423095347.0 | ||
| 008 | 250422s9999 xx 000 0 und d | ||
| 020 | _a9780071289559 | ||
| 050 | _aHG 181 .S33/ | ||
| 100 | _aSaunders, Anthony, | ||
| 245 | 0 | _aFinancial institutions management : a risk management approach | |
| 250 | _a7th ed. | ||
| 260 | _aNew York | ||
| 260 | _bMcGraw-Hill | ||
| 260 | _c2011 | ||
| 300 | _a883 p | ||
| 650 | _aFinancial institutions_United States_Management. Risk management_United States. Financial services industry_United States_Management. | ||
| 942 | _cBK | ||
| 999 |
_c30039 _d30039 |
||